[Event "Rio Claro op"]
[Site "Rio Claro"]
[Date "2014.05.18"]
[Round "6"]
[White "Caporale, Giuseppe Guido"]
[Black "Vieira dos Santos, Jose Eduardo"]
[Result "0-1"]
[WhiteElo "1755"]
[BlackElo "1796"]
[PlyCount "95"]
[EventDate "2014.05.16"]
[EventType "swiss"]
[EventRounds "6"]
[EventCountry "BRA"]
[SourceTitle "CBM 160 Extra"]
[Source "ChessBase"]
[SourceDate "2014.07.01"]
[SourceVersion "1"]
[SourceVersionDate "2014.07.01"]
[SourceQuality "1"]

1. e4 c5 2. Nf3 Nc6 3. d4 cxd4 4. Nxd4 e5 5. Nb5 d6 6. N1c3 a6 7. Na3 b5 8. Nd5 Bb7 9. c3 Nf6 10. Bg5 h6 11. Bxf6 gxf6 12. Qf3 Be7 13. Bd3 Na5 14. Ne3 Bc8 15. b4 Nb7 16. Nac2 Be6 17. Nd5 Bxd5 18. exd5 Qc8 19. Be4 a5 20. 0-0 axb4 21. Nxb4 Nc5 22. Bf5 Qc7 23. Rfd1 Ra3 24. Rdc1 Qa5 25. Rab1 Kf8 26. g4 Qa8 27. Rc2 Kg7 28. Rbc1 Bd8 29. Qe2 Qa4 30. Bd3 Nxd3 31. Nxd3 Bb6 32. h3 Bc5 33. Rb1 Rc8 34. Nb4 Re8 35. Rbb2 Kf8 36. Kg2 Rc8 37. Nc6 Qf4 38. Rxb5 h5 39. Rb8 Rxb8 40. Nxb8 hxg4 41. Qxg4 Qg5 42. Nd7+ Ke7 43. Nxc5 dxc5 44. c4 Qg6 45. Re2 Kd6 46. f3 Rc3 47. Qxg6 fxg6 48. Kf2 0-1

[Event "Iracemapolis op 4th"]
[Site "Iracemapolis"]
[Date "2013.11.10"]
[Round "6"]
[White "Vieira dos Santos, Jose Eduardo"]
[Black "Dias, Joao Batista de Sou"]
[Result "0-1"]
[WhiteElo "1781"]
[BlackElo "2000"]
[PlyCount "78"]
[EventDate "2013.11.08"]
[EventType "swiss"]
[EventRounds "6"]
[EventCountry "BRA"]
[SourceTitle "CBM 157 Extra"]
[Source "ChessBase"]
[SourceDate "2013.12.19"]
[SourceVersion "1"]
[SourceVersionDate "2013.12.19"]
[SourceQuality "1"]

1. d4 d5 2. Nf3 Nf6 3. c4 e6 4. Nc3 Be7 5. e3 0-0 6. cxd5 exd5 7. Bd3 Bg4 8. Qb3 b6 9. Ne5 Be6 10. f4 c5 11. dxc5 Bxc5 12. f5 Bc8 13. e4 Bb7 14. Bg5 Qe7 15. Ng4 dxe4 16. Bxf6 gxf6 17. Bc4 Nd7 18. Nd5 Bxd5 19. Bxd5 Rac8 20. Qg3 Kh8 21. Nh6 Bb4+ 22. Kf1 e3 23. Qg4 Ne5 24. Qe4 Bd2 25. Ng4 Rcd8 26. Nxe5 fxe5 27. Ke2 Qd6 28. Bc4 Qf6 29. Bd3 Rd4 30. Qf3 Rf4 31. Qh3 Rf2+ 32. Kd1 Rd8 33. Rf1 e4 34. Rxf2 exf2 35. Qg4 Rxd3 36. Ke2 Qd4 37. f6 Qe3+ 38. Kd1 f1Q+ 39. Kc2 Qc5# 0-1

[Event "Cordeiropolis op 3rd"]
[Site "Cordeiropolis"]
[Date "2013.08.31"]
[Round "3"]
[White "Vieira dos Santos, Jose Eduardo"]
[Black "De Assis, Wendel Rodrigo"]
[Result "0-1"]
[WhiteElo "1808"]
[BlackElo "1842"]
[PlyCount "88"]
[EventDate "2013.08.30"]
[EventType "swiss"]
[EventRounds "6"]
[EventCountry "BRA"]
[SourceTitle "CBM 156 Extra"]
[Source "ChessBase"]
[SourceDate "2013.10.22"]
[SourceVersion "1"]
[SourceVersionDate "2013.10.22"]
[SourceQuality "1"]

1. d4 d5 2. Nf3 Nf6 3. c4 c6 4. Nc3 e6 5. cxd5 exd5 6. e3 Bd6 7. Bd3 0-0 8. 0-0 Re8 9. b3 Bg4 10. h3 Bh5 11. Bb2 Ne4 12. g4 Bg6 13. Qc2 h5 14. Bxe4 dxe4 15. Ne5 Bxe5 16. dxe5 hxg4 17. Ne2 gxh3 18. Nf4 Nd7 19. Rad1 h2+ 20. Kh1 Bf5 21. f3 Qe7 22. fxe4 Bg4 23. Rd2 Nxe5 24. Rg2 Qh4 25. Bxe5 Rxe5 26. Qc4 Be6 27. Qc3 Qf6 28. Rff2 Rg5 29. e5 Qxe5 30. Qe1 Rxg2 31. Kxg2 Re8 32. Kxh2 g5 33. Rg2 Kf8 34. Qg3 gxf4 35. exf4 Qh5+ 36. Kg1 Bd5 37. Qg7+ Ke7 38. Rg5 Qh1+ 39. Kf2 Qh2+ 40. Ke3 Kd7+ 41. Kd4 c5+ 42. Kxd5 Qd2+ 43. Kxc5 Qd6+ 44. Kc4 Rc8+ 0-1

[Event "Rio Clao IRT Interior op"]
[Site "Rio Claro"]
[Date "2012.11.03"]
[Round "4"]
[White "Vieira dos Santos, Jose Eduardo"]
[Black "Marino, Felipe Gabriel"]
[Result "1-0"]
[WhiteElo "1800"]
[BlackElo "1619"]
[PlyCount "59"]
[EventDate "2012.11.02"]
[EventType "swiss"]
[EventRounds "6"]
[EventCountry "BRA"]
[SourceTitle "CBM 151 Extra"]
[Source "ChessBase"]
[SourceDate "2012.12.18"]
[SourceVersion "1"]
[SourceVersionDate "2012.12.18"]
[SourceQuality "1"]

1. d4 d5 2. Nf3 Nf6 3. c4 c6 4. Nc3 e6 5. cxd5 cxd5 6. e3 Bd6 7. Bd3 0-0 8. 0-0 Nc6 9. a3 a6 10. b4 b5 11. Bb2 Bb7 12. Rc1 Rc8 13. Nd2 e5 14. Bf5 Rc7 15. dxe5 Nxe5 16. Ne2 Nc4 17. Nxc4 dxc4 18. Bd4 Re7 19. Bxf6 gxf6 20. Nf4 Bxf4 21. Qh5 h6 22. exf4 Qd5 23. Qh3 Kg7 24. Rc3 Rh8 25. Qg4+ Kf8 26. Rg3 Re8 27. Rd1 Qd2 28. Qg7+ Ke7 29. Re3+ Qxe3 30. Rd7# 1-0